La dimension empirica de la argumentacion metafisica en Tomas de Aquino y Aristoteles (Registro nro. 154392)

Detalles MARC
001 - NÚMERO DE CONTROL
campo de control 601715
005 - FECHA Y HORA DE LA ÚLTIMA TRANSACCIÓN
campo de control 20240207085620.0
008 - DATOS DE LONGITUD FIJA--INFORMACIÓN GENERAL
campo de control de longitud fija 000615e19991205 spa
035 ## - NÚMERO DE CONTROL DEL SISTEMA
Número de control de sistema 601715
035 ## - NÚMERO DE CONTROL DEL SISTEMA
Número de control de sistema (OCoLC)819835332
040 ## - FUENTE DE LA CATALOGACIÓN
Centro/agencia transcriptor comduadb
041 ## - CÓDIGO DE LENGUA
Código de lengua del texto/banda sonora o título independiente spa
100 10 - ENTRADA PRINCIPAL--NOMBRE DE PERSONA
Nombre de persona Llano Cifuentes, Carlos
Código de función aut
Término indicativo de función/relación Autor/a
9 (RLIN) 479546
245 13 - MENCIÓN DE TÍTULO
Título La dimension empirica de la argumentacion metafisica en Tomas de Aquino y Aristoteles
650 ## - PUNTO DE ACCESO ADICIONAL DE MATERIA--TÉRMINO DE MATERIA
Término de materia o nombre geográfico como elemento de entrada Teoría de la argumentación
9 (RLIN) 49499
650 ## - PUNTO DE ACCESO ADICIONAL DE MATERIA--TÉRMINO DE MATERIA
Término de materia o nombre geográfico como elemento de entrada Tomas de Aquino, Santo, 1225-1274
9 (RLIN) 24945
650 #7 - PUNTO DE ACCESO ADICIONAL DE MATERIA--TÉRMINO DE MATERIA
Término de materia o nombre geográfico como elemento de entrada Causalidad
Fuente del encabezamiento o término lemb
9 (RLIN) 16854
650 #7 - PUNTO DE ACCESO ADICIONAL DE MATERIA--TÉRMINO DE MATERIA
Término de materia o nombre geográfico como elemento de entrada Lógica
Fuente del encabezamiento o término lemb
9 (RLIN) 30095
650 #7 - PUNTO DE ACCESO ADICIONAL DE MATERIA--TÉRMINO DE MATERIA
Término de materia o nombre geográfico como elemento de entrada Filosofía del lenguaje
Fuente del encabezamiento o término lemb
9 (RLIN) 29404
773 0# - ENLACE AL DOCUMENTO FUENTE/ENTRADA DE REGISTRO ANFITRIÓN
Título Tópicos : Revista de Filosofía (México)
Parte(s) relacionada(s) Número 17, Diciembre 1999, p. 153-198
Número de control del registro 261001
Número Internacional Normalizado para Publicaciones Seriadas 0188-6649
Número bibliográfico anfitrión 99113
942 ## - ELEMENTOS DE ENTRADA AGREGADA (KOHA)
Tipo de ítem Koha Artículo de Revista

No hay ítems disponibles.